Bulozi and Bukuwa in the twentieth century: A historical study of interaction. (Record no. 28137)
[ view plain ]
| 000 -LEADER | |
|---|---|
| fixed length control field | 00699cam1a220019300 4500 |
| 001 - CONTROL NUMBER | |
| control field | zam00009541 |
| 008 - FIXED-LENGTH DATA ELEMENTS--GENERAL INFORMATION | |
| fixed length control field | 970717n xx eng u |
| 035 ## - SYSTEM CONTROL NUMBER | |
| System control number | (Sirsi) r139541 |
| 040 ## - CATALOGING SOURCE | |
| Modifying agency | UPRA |
| 100 ## - MAIN ENTRY--PERSONAL NAME | |
| Personal name | Prins, Gwythian. |
| Linkage | A104905.1 |
| 245 10 - TITLE STATEMENT | |
| Title | Bulozi and Bukuwa in the twentieth century: A historical study of interaction. |
| 260 ## - PUBLICATION, DISTRIBUTION, ETC. | |
| Place of publication, distribution, etc. | s.l : |
| Name of publisher, distributor, etc. | s.n, |
| Date of publication, distribution, etc. | 1974. |
| 500 ## - GENERAL NOTE | |
| General note | Manuscript. |
| 520 ## - SUMMARY, ETC. | |
| Summary, etc. | Proposes a theoretical frameowrk within which the twentienth century relationship of Bulozi and bukuwa may be viewed. |
| 650 #4 - SUBJECT ADDED ENTRY--TOPICAL TERM | |
| Topical term or geographic name entry element | History. |
| Linkage | S16361.1 |
| 650 #4 - SUBJECT ADDED ENTRY--TOPICAL TERM | |
| Topical term or geographic name entry element | Western Province -- History. |
| General subdivision | Western Province -- History. |
| Linkage | S22121.3 |
| 949 10 - LOCAL PROCESSING INFORMATION (OCLC) | |
| m | INESOR |
| t | BOOK |
| l | ON-SHELF |
No items available.